[Event "15ème Open des Vins du Médoc"]
[Site "Naujac sur Mer ; France"]
[Date "????.??.??"]
[Round "9.13"]
[White "Dierkes, Tobias"]
[Black "L'Hospital, Philippe"]
[Result "1-0"]
[WhiteElo "2107"]
[BlackElo "1895"]
[Annotator ",Jean-Luc"]
[PlyCount "51"]

1. d4 d6 2. e4 Nf6 3. Nc3 Nbd7 4. f4 e5 5. Nf3 exd4 6. Nxd4 g6 7. Be2 Bg7 8.
O-O O-O 9. Bf3 Re8 10. Re1 Nc5 11. b4 Ne6 (11... Ncxe4 $142) 12. Nb3 Nd7 13.
Qd3 Qf6 14. Nd5 Qd8 15. Rb1 c6 16. Nc3 Qf6 17. Ne2 Qe7 18. Na5 Rd8 19. Rd1 Nb6
20. c4 c5 21. a3 Qc7 22. Bb2 d5 23. cxd5 cxb4 24. Rbc1 Nxf4 25. Rxc7 Nxd3 26.
Bxg7 1-0

[Event "15ème Open des Vins du Médoc"]
[Site "Naujac sur Mer ; France"]
[Date "????.??.??"]
[Round "9.14"]
[White "Devecchi, Jorge"]
[Black "Prioux, Michel"]
[Result "1-0"]
[WhiteElo "1942"]
[BlackElo "1782"]
[PlyCount "31"]

1. e4 c5 2. Nf3 e6 3. d4 cxd4 4. c3 d3 5. Bxd3 Be7 6. O-O d6 7. Qe2 Qc7 8. Na3
a6 9. Be3 Nd7 10. Nc4 b5 11. Ncd2 Bb7 12. a4 Nc5 13. Bxc5 Qxc5 14. axb5 axb5
15. Bxb5+ Bc6 16. Rxa8+ 1-0